000 00733nam a22002297a 4500
005 20170217124823.0
010 _aENG-117290
020 _a9789386062611
_c650.00
035 _aEN-100822
037 _bDBAD/PUB
082 0 0 _a371.9144
100 _aMacblain,Sean
245 1 0 _aDyslexia literacy and inclusion :
_cby Sean Macblain,Louise Long [and] Jill Dunn
_bchild-centered perspectives /
246 _a2nd ed.
260 _aNew Delhi
_bSAGE Publications
_c2017
270 _aB1/I-1 Mohan Cooperative Industrial Area, Mathura Road
_bNew Delhi
_e110044
300 _axvi,210p.
_c24cm(pbk)
500 _aIncludes index
700 _a Long,Louise
700 _aDunn,Jill
942 _2ddc
_cEN
_h371.9144
_mMAC
999 _c137687
_d137687